U.S. Geography by Letter - P - Statistics

General Stats
  • This quiz has been taken 47,816 times
    11,028 since last reset
  • The average score is 13 of 20
Answer Stats
Clue Answer % Correct
City where the U.S. Declaration of Independence was signed Philadelphia
95%
The 51st state? Puerto Rico
95%
Biggest city in Oregon or Maine Portland
94%
Crop that Idaho is known for Potato
88%
Among major cities in the U.S., this one has the most 100 °F days Phoenix
87%
"Steel City" Pittsburgh
87%
Street on which the White House is located {Pennsylvania} Avenue
84%
River that flows past Washington D.C. {Potomac} River
84%
Georgia's nickname The {Peach} State
82%
Largest city in Rhode Island Providence
76%
Body of water on which Seattle lies {Puget} Sound
75%
City where the Rose Bowl is located Pasadena
60%
Oldest town in Massachusetts Plymouth
52%
Headquarters of the U.S. Pacific Fleet {Pearl} {Harbor}
44%
National Park in Arizona {Petrified} Forest
40%
City home to Stanford University Palo Alto
35%
Small city north of Miami which is home to more than 30 billionaires {Palm} {Beach}
34%
Tributary of the Missouri River which flows through Nebraska {Platte} River
27%
New Hampshire mountain range home to Mt. Washington, Mt. Adams, and Mt. Jefferson {Presidential} Range
21%
Former military installation near Golden Gate bridge, now a park The {Presidio}
21%
No matching quizzes found
Score Distribution
Percent of People with Each Score
Percentile by Number Answered
Your Score History
You have not taken this quiz since the last reset